[Event "20 ans"]
[Site "?"]
[Date "2016.10.22"]
[Round "5.2"]
[White "Korobov, Anton"]
[Black "Andriasian, Zaven"]
[Result "1/2-1/2"]
[BlackElo "2622"]
[WhiteElo "2687"]
[LiveChessVersion "1.4.6"]

1. d4 {[%clk 1:30:57]} d5 {[%clk 1:28:21]} 2. c4 {[%clk 1:31:17]} c6
{[%clk 1:28:23]} 3. Nf3 {[%clk 1:31:41]} Nf6 {[%clk 1:28:44]} 4. e3
{[%clk 1:32:05]} Bg4 {[%clk 1:28:02]} 5. Nc3 {[%clk 1:32:15]} e6 {[%clk 1:28:21]}
6. h3 {[%clk 1:32:35]} Bxf3 {[%clk 1:28:22]} 7. Qxf3 {[%clk 1:32:58]} Nbd7
{[%clk 1:28:40]} 8. Bd3 {[%clk 1:33:15]} Bb4 {[%clk 1:29:00]} 9. Bd2
{[%clk 1:33:30]} O-O {[%clk 1:28:39]} 10. a3 {[%clk 1:32:02]} Ba5
{[%clk 1:29:00]} 11. b4 {[%clk 1:32:20]} Bc7 {[%clk 1:29:21]} 12. O-O
{[%clk 1:32:32]} Re8 {[%clk 1:25:25]} 13. cxd5 {[%clk 1:22:01]} exd5
{[%clk 1:25:35]} 14. b5 {[%clk 1:21:20]} Nf8 {[%clk 1:25:57]} 15. bxc6
{[%clk 1:13:39]} bxc6 {[%clk 1:26:25]} 16. Rfc1 {[%clk 1:12:53]} Ne6
{[%clk 1:25:17]} 17. Bf1 {[%clk 1:05:27]} Ng5 {[%clk 1:20:33]} 18. Qd1
{[%clk 1:05:45]} Qd6 {[%clk 1:14:50]} 19. f4 {[%clk 1:04:06]} Nge4
{[%clk 1:13:52]} 20. Nxe4 {[%clk 1:04:29]} Nxe4 {[%clk 1:14:09]} 21. Bb4
{[%clk 1:04:17]} Qf6 {[%clk 1:12:15]} 22. Bd3 {[%clk 1:02:12]} g5
{[%clk 0:59:46]} 23. Qc2 {[%clk 0:47:02]} gxf4 {[%clk 0:50:07]} 24. Qxc6
{[%clk 0:47:27]} Bb6 {[%clk 0:31:58]} 25. Bxe4 {[%clk 0:45:21]} Qxc6
{[%clk 0:32:09]} 26. Bxh7+ {[%clk 0:45:39]} Kxh7 {[%clk 0:32:34]} 27. Rxc6
{[%clk 0:45:58]} fxe3 {[%clk 0:32:58]} 28. Bc5 {[%clk 0:45:43]} Ba5
{[%clk 0:31:39]} 29. Bb4 {[%clk 0:45:49]} Bb6 {[%clk 0:28:57]} 30. Bc5
{[%clk 0:46:13]} Ba5 {[%clk 0:29:13]} 31. Bb4 {[%clk 0:46:38]} Bb6
{[%clk 0:29:07]} 1/2-1/2

[Event "20 ans"]
[Site "?"]
[Date "2016.10.22"]
[Round "5.3"]
[White "Gharamian, Tigran"]
[Black "Bellahcene, Bilel"]
[Result "1-0"]
[BlackElo "2475"]
[WhiteElo "2626"]
[LiveChessVersion "1.4.6"]

1. e4 {[%clk 1:27:30]} e6 {[%clk 1:30:56]} 2. d4 {[%clk 1:27:47]} d5
{[%clk 1:31:21]} 3. Nd2 {[%clk 1:28:00]} Be7 {[%clk 1:31:45]} 4. e5
{[%clk 1:26:06]} c5 {[%clk 1:31:54]} 5. c3 {[%clk 1:26:27]} cxd4 {[%clk 1:30:00]}
6. cxd4 {[%clk 1:26:30]} Qb6 {[%clk 1:30:27]} 7. Ndf3 {[%clk 1:21:33]} Bb4+
{[%clk 1:16:48]} 8. Bd2 {[%clk 1:21:30]} Nc6 {[%clk 1:17:15]} 9. Bxb4
{[%clk 1:02:56]} Qxb4+ {[%clk 1:14:31]} 10. Qd2 {[%clk 1:03:21]} Qxd2+
{[%clk 1:13:03]} 11. Kxd2 {[%clk 1:03:17]} Bd7 {[%clk 1:12:51]} 12. Bd3
{[%clk 1:02:37]} Nge7 {[%clk 1:12:38]} 13. Ne2 {[%clk 0:56:08]} Rc8
{[%clk 0:57:54]} 14. Rac1 {[%clk 0:39:42]} O-O {[%clk 0:53:20]} 15. Rhe1
{[%clk 0:39:20]} Nb4 {[%clk 0:41:33]} 16. Bb1 {[%clk 0:37:17]} Rxc1
{[%clk 0:40:27]} 17. Rxc1 {[%clk 0:37:21]} Nbc6 {[%clk 0:37:55]} 18. Re1
{[%clk 0:35:52]} Rc8 {[%clk 0:24:44]} 19. h4 {[%clk 0:26:25]} a5 {[%clk 0:21:54]}
20. Rc1 {[%clk 0:24:22]} Na7 {[%clk 0:21:16]} 21. Nc3 {[%clk 0:19:29]} Rc7
{[%clk 0:15:48]} 22. Bd3 {[%clk 0:18:24]} Nec8 {[%clk 0:14:04]} 23. Ne1
{[%clk 0:16:32]} Nb6 {[%clk 0:12:52]} 24. b3 {[%clk 0:16:32]} Nbc8
{[%clk 0:10:33]} 25. a4 {[%clk 0:13:36]} Ne7 {[%clk 0:10:35]} 26. f4
{[%clk 0:13:34]} f5 {[%clk 0:07:47]} 27. Nc2 {[%clk 0:10:18]} Rc8
{[%clk 0:04:35]} 28. Be2 {[%clk 0:07:57]} Kf7 {[%clk 0:04:07]} 29. Rh1
{[%clk 0:05:55]} g6 {[%clk 0:03:38]} 30. Rb1 {[%clk 0:03:23]} Nec6
{[%clk 0:02:11]} 31. g4 {[%clk 0:02:27]} fxg4 {[%clk 0:02:05]} 32. Bxg4
{[%clk 0:02:51]} h5 {[%clk 0:02:31]} 33. Bh3 {[%clk 0:03:03]} Ke7
{[%clk 0:01:55]} 34. Rg1 {[%clk 0:02:55]} Be8 {[%clk 0:01:26]} 35. Bf1
{[%clk 0:01:32]} Kd8 {[%clk 0:01:02]} 36. Bd3 {[%clk 0:01:46]} Ne7
{[%clk 0:01:29]} 37. Rb1 {[%clk 0:00:44]} Nec6 {[%clk 0:01:01]} 38. Rg1
{[%clk 0:00:51]} Ne7 {[%clk 0:01:29]} 39. Ne1 {[%clk 0:00:56]} Rc6
{[%clk 0:00:44]} 40. Nf3 {[%clk 0:01:12]} Rb6 {[%clk 0:00:46]} 41. Rb1
{[%clk 0:00:50]} Nac6 {[%clk 0:00:34]} 42. Nb5 {[%clk 0:00:37]} Nb4
{[%clk 0:00:51]} 43. Be2 {[%clk 0:00:32]} Rc6 {[%clk 0:01:04]} 44. Nc3
{[%clk 0:00:53]} Nf5 {[%clk 0:01:09]} 45. Rc1 {[%clk 0:00:39]} Rc7
{[%clk 0:01:23]} 46. Rg1 {[%clk 0:00:55]} Ke7 {[%clk 0:01:08]} 47. Rc1
{[%clk 0:00:37]} Kd8 {[%clk 0:01:25]} 48. Rg1 {[%clk 0:00:57]} Ke7
{[%clk 0:01:52]} 49. Bf1 {[%clk 0:00:54]} Kd8 {[%clk 0:01:38]} 50. Bh3
{[%clk 0:01:15]} Ng7 {[%clk 0:02:07]} 51. Ng5 {[%clk 0:01:05]} Ke7
{[%clk 0:02:26]} 52. Rc1 {[%clk 0:01:21]} Rc6 {[%clk 0:02:36]} 53. Rg1
{[%clk 0:00:52]} Rc7 {[%clk 0:03:02]} 54. Nh7 {[%clk 0:00:43]} Bf7
{[%clk 0:03:31]} 55. Rc1 {[%clk 0:00:50]} Rc6 {[%clk 0:03:28]} 56. Ne2
{[%clk 0:00:34]} Rxc1 {[%clk 0:03:14]} 57. Nxc1 {[%clk 0:00:58]} Be8
{[%clk 0:03:41]} 58. Nd3 {[%clk 0:00:59]} Nxd3 {[%clk 0:03:47]} 59. Kxd3
{[%clk 0:01:27]} b5 {[%clk 0:04:10]} 60. axb5 {[%clk 0:01:53]} Bxb5+
{[%clk 0:04:36]} 61. Kd2 {[%clk 0:02:15]} Ne8 {[%clk 0:03:41]} 62. Ng5
{[%clk 0:02:36]} Nc7 {[%clk 0:02:58]} 63. Bg2 {[%clk 0:02:51]} Na6
{[%clk 0:02:29]} 64. Bh3 {[%clk 0:01:41]} Nc7 {[%clk 0:02:52]} 65. Nh7
{[%clk 0:01:02]} Ne8 {[%clk 0:03:04]} 66. Ke3 {[%clk 0:00:45]} a4
{[%clk 0:02:59]} 67. bxa4 {[%clk 0:01:11]} Bxa4 {[%clk 0:03:27]} 68. Kd2
{[%clk 0:00:50]} Bb5 {[%clk 0:03:54]} 69. Ng5 {[%clk 0:00:55]} Ng7
{[%clk 0:04:14]} 70. Nf3 {[%clk 0:00:55]} Bc4 {[%clk 0:04:26]} 71. Ke3
{[%clk 0:00:40]} Bb5 {[%clk 0:04:50]} 72. Ne1 {[%clk 0:00:50]} Ba4
{[%clk 0:04:12]} 73. Kd2 {[%clk 0:01:13]} Bb5 {[%clk 0:04:07]} 74. Nc2
{[%clk 0:01:29]} Ba6 {[%clk 0:04:27]} 75. Ne3 {[%clk 0:01:52]} Ne8
{[%clk 0:04:29]} 76. Bg2 {[%clk 0:02:09]} Ng7 {[%clk 0:04:44]} 77. Bf3
{[%clk 0:02:27]} Bb5 {[%clk 0:04:52]} 78. Bd1 {[%clk 0:02:28]} Ba6
{[%clk 0:03:07]} 79. Ba4 {[%clk 0:02:15]} Kf7 {[%clk 0:02:54]} 80. Bc2
{[%clk 0:01:43]} Bb5 {[%clk 0:03:19]} 81. Bd1 {[%clk 0:01:40]} Ke7
{[%clk 0:03:41]} 82. Kc3 {[%clk 0:02:03]} Kf7 {[%clk 0:03:26]} 83. Bc2
{[%clk 0:00:44]} Ba6 {[%clk 0:03:50]} 84. Kb4 {[%clk 0:01:05]} Be2
{[%clk 0:02:54]} 85. Kc5 {[%clk 0:01:27]} Bf3 {[%clk 0:01:30]} 86. Kd6
{[%clk 0:00:49]} Be4 {[%clk 0:01:24]} 87. Ba4 {[%clk 0:00:53]} Nf5+
{[%clk 0:01:28]} 88. Nxf5 {[%clk 0:01:17]} Bxf5 {[%clk 0:01:55]} 89. Bb5
{[%clk 0:01:31]} Bg4 {[%clk 0:01:59]} 90. Bd3 {[%clk 0:01:47]} Bh3
{[%clk 0:02:19]} 91. Be2 {[%clk 0:01:41]} Bf5 {[%clk 0:02:09]} 92. Bf1
{[%clk 0:01:49]} Bg4 {[%clk 0:02:31]} 93. Kd7 {[%clk 0:02:11]} Bf5
{[%clk 0:02:21]} 94. Kd8 {[%clk 0:02:35]} Kf8 {[%clk 0:02:10]} 95. Bb5
{[%clk 0:02:56]} Kf7 {[%clk 0:02:04]} 96. Be8+ {[%clk 0:01:42]} Kf8
{[%clk 0:02:30]} 97. Kd7 {[%clk 0:02:01]} Bd3 {[%clk 0:01:11]} 98. Bxg6
{[%clk 0:01:46]} Bxg6 {[%clk 0:01:36]} 99. Kxe6 {[%clk 0:02:13]} Be4
{[%clk 0:00:55]} 100. Kf6 {[%clk 0:02:37]} Ke8 {[%clk 0:00:52]} 101. e6
{[%clk 0:02:56]} Bf3 {[%clk 0:00:34]} 102. f5 {[%clk 0:03:14]} Be4
{[%clk 0:00:35]} 103. Ke5 {[%clk 0:03:37]} Kf8 {[%clk 0:00:39]} 104. f6
{[%clk 0:04:01]} Ke8 {[%clk 0:00:51]} 105. Kd6 {[%clk 0:03:50]} Kf8
{[%clk 0:00:31]} 106. f7 {[%clk 0:03:26]} Bb1 1-0

[Event "20 ans"]
[Site "?"]
[Date "2016.10.22"]
[Round "5.4"]
[White "Onischuk, Vladimir"]
[Black "Delorme, Axel"]
[Result "0-1"]
[BlackElo "2513"]
[WhiteElo "2602"]
[LiveChessVersion "1.4.6"]

1. e4 {[%clk 1:30:37]} e5 {[%clk 1:30:55]} 2. Nf3 {[%clk 1:30:59]} Nc6
{[%clk 1:31:23]} 3. Bc4 {[%clk 1:31:18]} Nf6 {[%clk 1:31:46]} 4. d3
{[%clk 1:31:35]} h6 {[%clk 1:32:10]} 5. Bb3 {[%clk 1:31:06]} d6 {[%clk 1:31:31]}
6. c3 {[%clk 1:31:25]} g6 {[%clk 1:31:48]} 7. Nbd2 {[%clk 1:31:30]} Bg7
{[%clk 1:32:08]} 8. O-O {[%clk 1:30:56]} O-O {[%clk 1:32:17]} 9. Re1
{[%clk 1:30:47]} Re8 {[%clk 1:28:29]} 10. Nf1 {[%clk 1:23:57]} d5
{[%clk 1:26:30]} 11. Qe2 {[%clk 1:15:21]} a6 {[%clk 1:14:57]} 12. Bc2
{[%clk 1:06:31]} Be6 {[%clk 1:09:35]} 13. Ng3 {[%clk 1:05:30]} d4
{[%clk 0:57:42]} 14. Bd2 {[%clk 1:00:10]} Nd7 {[%clk 0:56:17]} 15. Rec1
{[%clk 0:57:11]} Qe7 {[%clk 0:51:20]} 16. Bd1 {[%clk 0:26:20]} dxc3
{[%clk 0:45:19]} 17. bxc3 {[%clk 0:26:29]} Nc5 {[%clk 0:42:53]} 18. Bc2
{[%clk 0:24:52]} Rad8 {[%clk 0:42:18]} 19. Rd1 {[%clk 0:20:22]} b5
{[%clk 0:38:54]} 20. h3 {[%clk 0:18:34]} Rd7 {[%clk 0:38:53]} 21. Be3
{[%clk 0:09:48]} Red8 {[%clk 0:38:19]} 22. a3 {[%clk 0:02:50]} Na4
{[%clk 0:36:46]} 23. Bxa4 {[%clk 0:02:01]} bxa4 {[%clk 0:35:07]} 24. c4
{[%clk 0:01:54]} Na5 {[%clk 0:34:55]} 25. Qc2 {[%clk 0:01:14]} Nb3
{[%clk 0:30:50]} 26. Ra2 {[%clk 0:01:43]} f5 {[%clk 0:31:14]} 27. exf5
{[%clk 0:01:45]} gxf5 {[%clk 0:31:21]} 28. Nh5 {[%clk 0:01:21]} Bh8
{[%clk 0:30:13]} 29. Re1 {[%clk 0:00:51]} Qf7 {[%clk 0:28:46]} 30. d4
{[%clk 0:00:49]} Qxh5 {[%clk 0:28:41]} 31. dxe5 {[%clk 0:00:53]} Rg7
{[%clk 0:22:16]} 32. Qe2 {[%clk 0:01:10]} f4 {[%clk 0:18:29]} 33. Bxf4
{[%clk 0:01:27]} Bxh3 {[%clk 0:18:30]} 34. Bg3 {[%clk 0:01:00]} Bg4
{[%clk 0:18:55]} 35. Qe3 {[%clk 0:00:40]} Bxf3 {[%clk 0:18:14]} 36. Qxf3
{[%clk 0:00:41]} Qxf3 {[%clk 0:15:57]} 37. gxf3 {[%clk 0:01:10]} h5
{[%clk 0:16:15]} 38. Kh2 {[%clk 0:00:36]} Nd4 {[%clk 0:16:27]} 39. Re3
{[%clk 0:00:49]} h4 {[%clk 0:15:10]} 40. Bxh4 {[%clk 0:00:59]} Rh7
{[%clk 0:15:24]} 41. Kg3 {[%clk 0:01:17]} Nf5+ {[%clk 0:15:45]} 42. Kg4
{[%clk 0:01:43]} Nxh4 {[%clk 0:15:46]} 43. f4 {[%clk 0:01:59]} Rf8
{[%clk 0:15:51]} 0-1

[Event "20 ans"]
[Site "?"]
[Date "2016.10.22"]
[Round "5.5"]
[White "Leenhouts, Koen"]
[Black "Azarov, Sergei"]
[Result "0-1"]
[BlackElo "2577"]
[WhiteElo "2499"]
[LiveChessVersion "1.4.6"]

1. d4 {[%clk 1:30:54]} d5 {[%clk 1:30:48]} 2. c4 {[%clk 1:31:16]} e6
{[%clk 1:31:07]} 3. Nf3 {[%clk 1:31:38]} Nf6 {[%clk 1:31:25]} 4. g3
{[%clk 1:31:57]} dxc4 {[%clk 1:31:28]} 5. Bg2 {[%clk 1:32:18]} a6
{[%clk 1:31:28]} 6. O-O {[%clk 1:31:15]} Nc6 {[%clk 1:31:14]} 7. e3
{[%clk 1:31:03]} Bd7 {[%clk 1:30:54]} 8. Qe2 {[%clk 1:31:03]} Bd6
{[%clk 1:30:53]} 9. Qxc4 {[%clk 1:31:03]} O-O {[%clk 1:31:09]} 10. Nbd2
{[%clk 1:30:09]} Qe7 {[%clk 1:19:59]} 11. b3 {[%clk 1:21:15]} e5 {[%clk 1:16:54]}
12. Bb2 {[%clk 1:19:19]} e4 {[%clk 1:07:32]} 13. Ng5 {[%clk 1:09:25]} Bf5
{[%clk 1:01:47]} 14. Qe2 {[%clk 0:49:08]} Nb4 {[%clk 0:57:26]} 15. Nc4
{[%clk 0:37:31]} Nfd5 {[%clk 0:54:16]} 16. Nh3 {[%clk 0:35:21]} Nd3
{[%clk 0:51:30]} 17. Nf4 {[%clk 0:21:59]} Bxf4 {[%clk 0:29:40]} 18. exf4
{[%clk 0:21:49]} Rfe8 {[%clk 0:18:21]} 19. Ne3 {[%clk 0:18:30]} Nxe3
{[%clk 0:17:32]} 20. fxe3 {[%clk 0:18:58]} Qe6 {[%clk 0:17:24]} 21. Qc2
{[%clk 0:16:27]} Rad8 {[%clk 0:17:12]} 22. Rad1 {[%clk 0:10:51]} h5
{[%clk 0:16:52]} 23. Rd2 {[%clk 0:08:56]} c6 {[%clk 0:17:06]} 24. Qc3
{[%clk 0:07:34]} Rd5 {[%clk 0:16:43]} 25. h4 {[%clk 0:06:04]} Bh3
{[%clk 0:10:28]} 26. Kh2 {[%clk 0:03:56]} Bxg2 {[%clk 0:10:52]} 27. Rxg2
{[%clk 0:04:20]} Qg4 {[%clk 0:10:23]} 28. Ba3 {[%clk 0:03:55]} Re6
{[%clk 0:10:10]} 29. Rd2 {[%clk 0:02:48]} Qf5 {[%clk 0:09:53]} 30. Rfd1
{[%clk 0:02:16]} Rg6 {[%clk 0:09:19]} 31. Rg2 {[%clk 0:01:12]} c5
{[%clk 0:06:55]} 32. dxc5 {[%clk 0:01:27]} Ne5 {[%clk 0:07:09]} 33. Qxe5
{[%clk 0:00:38]} Rxe5 {[%clk 0:05:34]} 34. fxe5 {[%clk 0:01:06]} Qxe5
{[%clk 0:04:53]} 35. b4 {[%clk 0:01:34]} Qc3 {[%clk 0:04:53]} 36. Bb2
{[%clk 0:01:22]} Qxe3 {[%clk 0:04:17]} 37. Rd8+ {[%clk 0:00:50]} Kh7
{[%clk 0:04:46]} 38. Rd7 {[%clk 0:01:01]} Qf3 {[%clk 0:04:52]} 39. Rxb7
{[%clk 0:01:16]} e3 {[%clk 0:03:43]} 40. Re7 {[%clk 0:01:44]} Re6
{[%clk 0:02:37]} 41. Rxe6 {[%clk 0:02:13]} fxe6 {[%clk 0:03:04]} 42. Bc3
{[%clk 0:02:30]} Kg6 {[%clk 0:03:04]} 43. a4 {[%clk 0:00:52]} Qf1
{[%clk 0:02:20]} 44. Rg1 {[%clk 0:00:38]} Qc4 {[%clk 0:02:25]} 45. Be1
{[%clk 0:00:55]} Kf5 {[%clk 0:02:16]} 46. Rg2 {[%clk 0:01:05]} Kg4
{[%clk 0:01:39]} 47. Kg1 {[%clk 0:00:40]} Qc1 {[%clk 0:01:22]} 48. Kf1
{[%clk 0:00:51]} Kf3 {[%clk 0:01:15]} 49. g4 {[%clk 0:01:03]} e2+
{[%clk 0:01:24]} 0-1

[Event "20 ans"]
[Site "?"]
[Date "2016.10.22"]
[Round "5.6"]
[White "Kantans, Toms"]
[Black "Antipov, Mikhail Al."]
[Result "0-1"]
[BlackElo "2557"]
[WhiteElo "2476"]
[LiveChessVersion "1.4.6"]

1. e4 {[%clk 1:30:57]} c5 {[%clk 1:29:39]} 2. Nf3 {[%clk 1:31:18]} d6
{[%clk 1:30:02]} 3. Bb5+ {[%clk 1:31:35]} Nc6 {[%clk 1:30:25]} 4. O-O
{[%clk 1:31:56]} Bd7 {[%clk 1:30:52]} 5. Re1 {[%clk 1:32:17]} Nf6
{[%clk 1:31:16]} 6. c3 {[%clk 1:32:40]} a6 {[%clk 1:31:43]} 7. Bf1
{[%clk 1:33:02]} Bg4 {[%clk 1:32:09]} 8. h3 {[%clk 1:33:26]} Bxf3
{[%clk 1:32:35]} 9. Qxf3 {[%clk 1:33:47]} e6 {[%clk 1:33:01]} 10. d3
{[%clk 1:34:08]} Be7 {[%clk 1:33:26]} 11. Qg3 {[%clk 1:34:31]} Nh5
{[%clk 1:31:58]} 12. Qg4 {[%clk 1:34:49]} g6 {[%clk 1:32:22]} 13. Bh6
{[%clk 1:35:01]} Bf8 {[%clk 1:29:19]} 14. Bxf8 {[%clk 1:31:20]} Kxf8
{[%clk 1:29:39]} 15. Nd2 {[%clk 1:30:17]} Kg7 {[%clk 1:30:00]} 16. g3
{[%clk 1:21:06]} e5 {[%clk 1:20:59]} 17. Qd1 {[%clk 1:18:01]} Rf8
{[%clk 1:13:54]} 18. a3 {[%clk 1:11:55]} Kh8 {[%clk 1:12:03]} 19. b4
{[%clk 1:11:53]} Ng7 {[%clk 1:12:22]} 20. Nc4 {[%clk 1:07:04]} b5
{[%clk 1:06:12]} 21. Ne3 {[%clk 1:07:08]} Ne6 {[%clk 1:06:35]} 22. Nd5
{[%clk 1:04:49]} Ne7 {[%clk 1:05:10]} 23. Qd2 {[%clk 0:52:02]} Rc8
{[%clk 0:58:10]} 24. h4 {[%clk 0:50:27]} Nxd5 {[%clk 0:57:17]} 25. exd5
{[%clk 0:50:49]} Ng7 {[%clk 0:57:45]} 26. Bh3 {[%clk 0:37:28]} f5
{[%clk 0:53:57]} 27. a4 {[%clk 0:28:52]} cxb4 {[%clk 0:52:05]} 28. cxb4
{[%clk 0:29:16]} Rc7 {[%clk 0:51:35]} 29. axb5 {[%clk 0:24:49]} axb5
{[%clk 0:52:03]} 30. Rec1 {[%clk 0:23:43]} Rcf7 {[%clk 0:48:43]} 31. d4
{[%clk 0:16:34]} e4 {[%clk 0:45:09]} 32. Qg5 {[%clk 0:14:20]} Qb6
{[%clk 0:45:00]} 33. Qe3 {[%clk 0:14:44]} Qb7 {[%clk 0:31:45]} 34. Rc6
{[%clk 0:13:47]} f4 {[%clk 0:30:47]} 35. Qxe4 {[%clk 0:14:11]} fxg3
{[%clk 0:31:13]} 36. fxg3 {[%clk 0:14:35]} Nf5 {[%clk 0:27:45]} 37. Bxf5
{[%clk 0:08:17]} Rxf5 {[%clk 0:28:10]} 38. Kh2 {[%clk 0:08:05]} g5
{[%clk 0:24:21]} 39. Re1 {[%clk 0:01:45]} gxh4 {[%clk 0:06:16]} 40. Qe7
{[%clk 0:01:08]} hxg3+ {[%clk 0:06:44]} 41. Kxg3 {[%clk 0:00:34]} R5f6
{[%clk 0:06:32]} 42. Kg4 {[%clk 0:00:33]} Rg8+ {[%clk 0:06:16]} 43. Kh5
{[%clk 0:01:01]} Rf2 {[%clk 0:06:08]} 44. Qxd6 {[%clk 0:00:32]} Qf7+
{[%clk 0:06:32]} 45. Kh6 {[%clk 0:00:35]} Qg7+ {[%clk 0:06:57]} 0-1

[Event "20 ans"]
[Site "?"]
[Date "2016.10.22"]
[Round "5.7"]
[White "Maksimenko, Andrei"]
[Black "Vocaturo, Daniele"]
[Result "0-1"]
[BlackElo "2600"]
[WhiteElo "2497"]
[LiveChessVersion "1.4.6"]

1. d4 {[%clk 1:30:57]} Nf6 {[%clk 1:30:45]} 2. c4 {[%clk 1:31:16]} g6
{[%clk 1:29:46]} 3. Nc3 {[%clk 1:31:39]} Bg7 {[%clk 1:30:05]} 4. e4
{[%clk 1:32:03]} d6 {[%clk 1:30:19]} 5. Be2 {[%clk 1:32:25]} O-O {[%clk 1:30:32]}
6. Nf3 {[%clk 1:32:46]} e5 {[%clk 1:30:23]} 7. O-O {[%clk 1:33:03]} Nc6
{[%clk 1:28:12]} 8. d5 {[%clk 1:32:09]} Ne7 {[%clk 1:28:32]} 9. Nd2
{[%clk 1:32:20]} Ne8 {[%clk 1:25:41]} 10. b4 {[%clk 1:32:14]} f5 {[%clk 1:25:38]}
11. c5 {[%clk 1:32:32]} Nf6 {[%clk 1:24:57]} 12. f3 {[%clk 1:32:30]} f4
{[%clk 1:23:52]} 13. Nc4 {[%clk 1:32:51]} g5 {[%clk 1:23:33]} 14. a4
{[%clk 1:33:01]} Ng6 {[%clk 1:22:12]} 15. Ba3 {[%clk 1:33:24]} h5
{[%clk 1:20:41]} 16. b5 {[%clk 1:33:32]} dxc5 {[%clk 1:19:48]} 17. Bxc5
{[%clk 1:33:57]} Rf7 {[%clk 1:20:11]} 18. a5 {[%clk 1:12:04]} g4 {[%clk 1:18:33]}
19. b6 {[%clk 1:08:51]} cxb6 {[%clk 1:06:03]} 20. axb6 {[%clk 1:08:24]} g3
{[%clk 1:05:26]} 21. Kh1 {[%clk 1:00:28]} Bf8 {[%clk 1:02:41]} 22. Rxa7
{[%clk 0:44:42]} Rb8 {[%clk 0:41:03]} 23. d6 {[%clk 0:41:31]} Be6
{[%clk 0:37:53]} 24. Nb5 {[%clk 0:36:40]} Nd7 {[%clk 0:30:02]} 25. Bg1
{[%clk 0:35:24]} Qg5 {[%clk 0:27:26]} 26. Bd3 {[%clk 0:10:03]} h4
{[%clk 0:26:29]} 27. Ra2 {[%clk 0:04:17]} h3 {[%clk 0:25:37]} 28. Nc7
{[%clk 0:03:47]} hxg2+ {[%clk 0:25:11]} 29. Rxg2 {[%clk 0:04:12]} Bh3
{[%clk 0:24:45]} 30. Rff2 {[%clk 0:04:10]} Nh4 {[%clk 0:22:12]} 31. Bf1
{[%clk 0:01:28]} Nxg2 {[%clk 0:17:02]} 32. Rxg2 {[%clk 0:01:19]} Bxg2+
{[%clk 0:16:57]} 33. Bxg2 {[%clk 0:01:46]} gxh2 {[%clk 0:17:12]} 34. Bf2
{[%clk 0:02:10]} Qh5 {[%clk 0:16:25]} 35. Qd5 {[%clk 0:01:37]} Kh8
{[%clk 0:13:16]} 36. Qe6 {[%clk 0:00:51]} Rg7 {[%clk 0:12:36]} 37. Qh3
{[%clk 0:01:16]} Rh7 {[%clk 0:12:59]} 38. Qe6 {[%clk 0:01:14]} Bh6
{[%clk 0:12:07]} 39. Bh3 {[%clk 0:01:05]} Qxf3+ {[%clk 0:12:05]} 0-1

[Event "20 ans"]
[Site "?"]
[Date "2016.10.22"]
[Round "5.8"]
[White "Loiseau, Quentin"]
[Black "Lagarde, Maxime"]
[Result "1/2-1/2"]
[BlackElo "2593"]
[WhiteElo "2439"]
[LiveChessVersion "1.4.6"]

1. d4 {[%clk 1:28:50]} Nf6 {[%clk 1:30:34]} 2. c4 {[%clk 1:29:16]} g6
{[%clk 1:30:55]} 3. Nc3 {[%clk 1:29:39]} d5 {[%clk 1:31:15]} 4. cxd5
{[%clk 1:29:29]} Nxd5 {[%clk 1:31:40]} 5. e4 {[%clk 1:29:54]} Nxc3
{[%clk 1:32:09]} 6. bxc3 {[%clk 1:30:20]} Bg7 {[%clk 1:32:26]} 7. Be3
{[%clk 1:29:49]} c5 {[%clk 1:31:26]} 8. Nf3 {[%clk 1:30:02]} Bg4 {[%clk 1:30:50]}
9. Rc1 {[%clk 1:29:32]} Qa5 {[%clk 1:26:48]} 10. Qd2 {[%clk 1:29:54]} Bxf3
{[%clk 1:24:59]} 11. gxf3 {[%clk 1:30:14]} O-O {[%clk 1:21:29]} 12. d5
{[%clk 1:25:24]} Nd7 {[%clk 1:19:07]} 13. c4 {[%clk 1:12:10]} Qa3
{[%clk 1:19:29]} 14. Be2 {[%clk 1:10:45]} Bd4 {[%clk 1:02:10]} 15. O-O
{[%clk 1:05:44]} e5 {[%clk 1:01:04]} 16. dxe6 {[%clk 0:49:40]} fxe6
{[%clk 1:01:06]} 17. Bxd4 {[%clk 0:50:01]} cxd4 {[%clk 1:01:18]} 18. Qxd4
{[%clk 0:50:24]} Nc5 {[%clk 1:00:36]} 19. Qe5 {[%clk 0:47:08]} Qxa2
{[%clk 0:52:23]} 20. Rfe1 {[%clk 0:43:01]} b6 {[%clk 0:50:56]} 21. Rcd1
{[%clk 0:42:55]} Rf7 {[%clk 0:45:44]} 22. h4 {[%clk 0:38:41]} Qa6
{[%clk 0:35:33]} 23. h5 {[%clk 0:32:23]} Qb7 {[%clk 0:33:37]} 24. Kh1
{[%clk 0:29:16]} Qe7 {[%clk 0:29:45]} 25. Kg2 {[%clk 0:24:57]} Raf8
{[%clk 0:24:47]} 26. Rh1 {[%clk 0:24:34]} Qf6 {[%clk 0:23:00]} 27. Qxf6
{[%clk 0:23:03]} Rxf6 {[%clk 0:23:26]} 28. Kg3 {[%clk 0:23:26]} g5
{[%clk 0:20:35]} 29. h6 {[%clk 0:22:37]} Kf7 {[%clk 0:19:37]} 30. e5
{[%clk 0:21:27]} Rf4 {[%clk 0:17:37]} 31. Ra1 {[%clk 0:16:32]} a6
{[%clk 0:13:03]} 32. Rhb1 {[%clk 0:16:18]} Rb8 {[%clk 0:13:02]} 33. Ra5
{[%clk 0:16:24]} bxa5 {[%clk 0:13:22]} 34. Rxb8 {[%clk 0:16:52]} a4
{[%clk 0:08:28]} 35. Rc8 {[%clk 0:16:49]} Nd7 {[%clk 0:08:12]} 36. Ra8
{[%clk 0:15:49]} Nxe5 {[%clk 0:06:35]} 37. Rxa6 {[%clk 0:16:13]} Nxc4
{[%clk 0:05:25]} 38. Rxa4 {[%clk 0:15:45]} Nd6 {[%clk 0:05:48]} 39. Rxf4+
{[%clk 0:15:55]} gxf4+ {[%clk 0:06:16]} 40. Kxf4 {[%clk 0:16:19]} Kf6
{[%clk 0:06:43]} 41. Kg4 {[%clk 0:10:53]} Kg6 {[%clk 0:07:05]} 42. Kf4
{[%clk 0:11:07]} Kf6 {[%clk 0:07:00]} 43. Kg4 {[%clk 0:11:28]} Kg6
{[%clk 0:07:28]} 44. Kf4 {[%clk 0:11:54]} Kf6 45. Ke4 Ke5+ 1/2-1/2

[Event "20 ans"]
[Site "?"]
[Date "2016.10.22"]
[Round "6.1"]
[White "Antipov, Mikhail Al."]
[Black "Deac, Bogdan-Daniel"]
[Result "1/2-1/2"]
[BlackElo "2543"]
[WhiteElo "2557"]
[LiveChessVersion "1.4.6"]

1. e4 {[%clk 1:30:58]} e5 {[%clk 1:30:54]} 2. Nc3 {[%clk 1:31:20]} Nf6
{[%clk 1:31:14]} 3. g3 {[%clk 1:31:45]} d5 {[%clk 1:28:59]} 4. exd5
{[%clk 1:32:08]} Nxd5 {[%clk 1:29:24]} 5. Bg2 {[%clk 1:32:33]} Nxc3
{[%clk 1:27:47]} 6. bxc3 {[%clk 1:32:56]} Bd6 {[%clk 1:28:10]} 7. Nf3
{[%clk 1:32:33]} O-O {[%clk 1:27:48]} 8. O-O {[%clk 1:32:21]} Nc6
{[%clk 1:27:43]} 9. Rb1 {[%clk 1:25:51]} Rb8 {[%clk 1:20:14]} 10. d4
{[%clk 1:20:18]} h6 {[%clk 1:19:35]} 11. Be3 {[%clk 1:05:59]} b6 {[%clk 1:12:08]}
12. Qd3 {[%clk 1:02:03]} exd4 {[%clk 1:10:56]} 13. cxd4 {[%clk 1:02:25]} Qf6
{[%clk 0:58:32]} 14. Nd2 {[%clk 0:58:58]} Bf5 {[%clk 0:58:39]} 15. Qc3
{[%clk 0:48:09]} Na5 {[%clk 0:58:23]} 16. Nb3 {[%clk 0:48:29]} Nxb3
{[%clk 0:58:15]} 17. axb3 {[%clk 0:48:51]} a5 {[%clk 0:56:09]} 18. Rbc1
{[%clk 0:32:35]} Rfe8 {[%clk 0:51:48]} 19. Qa1 {[%clk 0:32:57]} Be4
{[%clk 0:51:47]} 20. c4 {[%clk 0:32:48]} Rbd8 {[%clk 0:44:19]} 21. c5
{[%clk 0:28:04]} Bxg2 {[%clk 0:41:43]} 22. Kxg2 {[%clk 0:28:06]} Bf8
{[%clk 0:42:07]} 23. d5 {[%clk 0:21:22]} Qxa1 {[%clk 0:26:54]} 24. Rxa1
{[%clk 0:21:41]} Rxd5 {[%clk 0:27:20]} 25. cxb6 {[%clk 0:22:03]} cxb6
{[%clk 0:27:44]} 26. Bxb6 {[%clk 0:22:29]} Rb8 {[%clk 0:28:01]} 27. Rxa5
{[%clk 0:22:20]} Rxa5 {[%clk 0:28:26]} 28. Bxa5 {[%clk 0:22:46]} Rxb3
{[%clk 0:28:51]} 29. Rc1 {[%clk 0:23:05]} Rb5 {[%clk 0:29:14]} 30. Bd2
{[%clk 0:23:29]} Rc5 {[%clk 0:29:40]} 31. Rxc5 {[%clk 0:23:51]} Bxc5
{[%clk 0:30:06]} 32. h4 {[%clk 0:24:16]} h5 {[%clk 0:30:24]} 33. Bc1
{[%clk 0:24:42]} f6 {[%clk 0:30:48]} 34. f3 {[%clk 0:24:59]} Kf7 {[%clk 0:31:11]}
35. g4 {[%clk 0:25:00]} hxg4 {[%clk 0:31:32]} 36. fxg4 {[%clk 0:25:26]} f5
{[%clk 0:31:49]} 37. Kf3 {[%clk 0:25:51]} fxg4+ {[%clk 0:32:14]} 38. Kxg4
{[%clk 0:26:18]} g6 {[%clk 0:32:36]} 39. h5 {[%clk 0:26:45]} gxh5+
{[%clk 0:33:02]} 40. Kxh5 1/2-1/2